| Tag |
First Indicator |
Second Indicator |
Subfields |
| LEADER |
00000cgm a2200000Mi 4500 |
| 001 |
in00005594413 |
| 006 |
m o c |
| 007 |
cr |n||||||||a |
| 007 |
vz |za|z| |
| 008 |
210324s1996 enk050 e o vneng d |
| 005 |
20241201233648.0 |
| 035 |
|
|
|a (OCoLC)on1245590594
|
| 040 |
|
|
|a ALSTP
|b eng
|e rda
|c ALSTP
|d OCLCO
|d OCLCF
|d OCLCO
|d CJT
|d OCLCL
|d OCLCQ
|
| 019 |
|
|
|a 1373414922
|
| 035 |
|
|
|a (OCoLC)1245590594
|z (OCoLC)1373414922
|
| 049 |
|
|
|a TXAM
|
| 245 |
0 |
0 |
|a Defence of the realm.
|n Episode 5,
|p Phantom platoon /
|c produced & directed by Neil Grant ; series producer, Richard Bradley ; BBC.
|
| 264 |
|
1 |
|a London, England :
|b BBC Worldwide,
|c 1996.
|
| 300 |
|
|
|a 1 online resource (50 minutes)
|
| 306 |
|
|
|a 004912
|
| 336 |
|
|
|a two-dimensional moving image
|b tdi
|2 rdacontent
|
| 337 |
|
|
|a computer
|b c
|2 rdamedia
|
| 337 |
|
|
|a video
|b v
|2 rdamedia
|
| 338 |
|
|
|a online resource
|b cr
|2 rdacarrier
|
| 347 |
|
|
|a video file
|2 rda
|
| 490 |
0 |
|
|a Defence of the Realm ;
|v Episode 5
|
| 500 |
|
|
|a Title from resource description page (viewed March 24, 2021).
|
| 511 |
0 |
|
|a Series reporter: Peter Taylor.
|
| 520 |
|
|
|a A vivid, timely and important documentary on the state of Britain's defences today. Even after the Cold War, the Ministry of Defence remains one of the most secretive organisations in the world. From the people in power and the decisions they make, to behind-the-scenes events of international crises, this series looks at what the future may bring.
|
| 546 |
|
|
|a In English.
|
| 610 |
1 |
0 |
|a Great Britain.
|b Ministry of Defence.
|
| 610 |
1 |
0 |
|a Great Britain.
|b Army.
|b Airborne Brigade, 5.
|
| 610 |
1 |
0 |
|a Great Britain.
|b Army
|x Parachute troops.
|
| 610 |
1 |
6 |
|a Grande-Bretagne.
|b Army
|x Parachutistes.
|
| 610 |
1 |
7 |
|a Great Britain.
|b Army.
|2 fast
|0 (OCoLC)fst00533555
|
| 610 |
1 |
7 |
|a Great Britain.
|b Ministry of Defence.
|2 fast
|0 (OCoLC)fst00541899
|
| 650 |
|
0 |
|a Military operations, Aerial
|x British.
|
| 651 |
|
0 |
|a Great Britain
|x Defenses.
|
| 650 |
|
7 |
|a Armed Forces
|x Parachute troops.
|2 fast
|0 (OCoLC)fst01351847
|
| 650 |
|
7 |
|a Military operations, Aerial
|x British.
|2 fast
|0 (OCoLC)fst01710205
|
| 650 |
|
7 |
|a Military readiness.
|2 fast
|0 (OCoLC)fst01021419
|
| 651 |
|
7 |
|a Great Britain.
|2 fast
|0 (OCoLC)fst01204623
|1 https://id.oclc.org/worldcat/entity/E39PBJdmp7p3cx8hpmJ8HvmTpP
|
| 655 |
|
7 |
|a Documentary television programs.
|2 fast
|0 (OCoLC)fst01710387
|
| 655 |
|
7 |
|a Documentary television programs.
|2 lcgft
|
| 655 |
|
7 |
|a Documentaires télévisés.
|2 rvmgf
|
| 700 |
1 |
|
|a Grant, Neil
|c (Television producer and director),
|e director,
|e producer.
|
| 700 |
1 |
|
|a Taylor, Peter,
|d 1942-
|e narrator.
|
| 710 |
2 |
|
|a BBC Worldwide Ltd.,
|e film distributor.
|
| 710 |
2 |
|
|a British Broadcasting Corporation,
|e production company.
|
| 758 |
|
|
|i has work:
|a Episode 5 Phantom platoon Defence of the realm (MovingImage)
|1 https://id.oclc.org/worldcat/entity/E39PCGrm4dFfv6D3gvMKKtDcyd
|4 https://id.oclc.org/worldcat/ontology/hasWork
|
| 856 |
4 |
0 |
|u http://proxy.library.tamu.edu/login?url=https://www.aspresolver.com/aspresolver.asp?MARC;5114308
|z Connect to this streaming video (Alexander Street Press)
|t 0
|
| 955 |
|
|
|a Alexander Street Press subscription streaming video
|
| 994 |
|
|
|a 92
|b TXA
|
| 999 |
f |
f |
|s 34819404-dd25-4e59-96b2-74afc72125e3
|i c60400a9-f3b4-4ca6-aa6b-1f7891a80d22
|t 0
|
| 952 |
f |
f |
|a Texas A&M University
|b College Station
|c Electronic Resources
|d Available Online
|t 0
|h Library of Congress classification
|
| 998 |
f |
f |
|t 0
|l Available Online
|